000 01050cas a2200361 a 4500
001 11490887
005 20180222040725.0
007 t|
008 981020c19949999miuar h 0 a0eng c
010 _asn 98001207
_z 93045651
022 0 _a1522-2934
_21
035 _a(OCoLC)ocm40138523
040 _aNSDP
_cNSDP
_dDLC
_dOCoLC
041 _aeng
042 _ansdp
_apcc
043 _an-us---
080 _a920 \alt
082 1 0 _a920 \alt
_213
100 _a24
101 _apol
210 0 _aAfr. Am. biogr.
222 0 _aAfrican American biography
245 0 0 _aAfrican American biography.
310 _aAnnual
362 0 _aVol. 1-
515 _aFirst 4 vols. published in 1994; each vol. covers portion of alphabet.
515 _aVol. 5-<v. 6> are annual updates.
906 _a7
_bcbc
_cserials
_du
_encip
_f19
_gn-oclcserc
936 _aVol. 6, published in 2000 LIC
942 _2ddc
_cBK
999 _c43136
_d43136